Hiszpańscy sportowcy - nagła śmierć - Statystyki

Ogólne statystyki
  • Ten quiz został rozwiązany 81 razy
  • Średni wynik to 12 z 20
Answers on the Grid
Answers color-coded by a green-red scale on the quiz's grid according to % correct below.
Rafael Nadal
Cristiano Ronaldo
Sergio Ramos
Luis Suárez
James Rodríguez
Fernando Alonso
Conor McGregor
Iker Casillas
Carlos Alcaraz
Luka Modrić
Andrés Iniesta
Pau Gasol
Max Verstappen
Marc Márquez
Alessandro Michieletto
Sergio Agüero
David Villa
Juan Martín del Potro
Charles Leclerc
Cesc Fàbregas
Ricky Rubio
Edinson Cavani
Mireia Belmonte
Roger Federer
Radamel Falcao
Carla Suárez Navarro
Felipe Massa
Xabi Alonso
Filippo Inzaghi
Kévin Borlée
Carlos Sainz Jr.
Alex Dujshebaev
Carlos Tevez
Joan Cañellas
Xavi
Ángel Di María
Sergio Pérez
Juan Carlos Navarro
Georg Grozer
Alejandro Valverde
 
Statystyki odpowiedzi
Odpowiedź % Poprawnych
Sergio Ramos
94%
Rafael Nadal
92%
Andrés Iniesta
88%
Iker Casillas
88%
Carlos Alcaraz
83%
David Villa
82%
Fernando Alonso
80%
Cesc Fàbregas
71%
Xabi Alonso
71%
Xavi
69%
Carlos Sainz Jr.
49%
Carla Suárez Navarro
45%
Pau Gasol
43%
Marc Márquez
40%
Joan Cañellas
38%
Juan Carlos Navarro
37%
Ricky Rubio
34%
Alejandro Valverde
25%
Mireia Belmonte
25%
Alex Dujshebaev
23%
Nie znaleziono quizów pasujących do podanych kryteriów
Rozkład punktacji
Procent ludzi z każdym wynikiem
Percentyl według liczby udzielonych odpowiedzi
Twoja historia wyników
Nie rozwiązałeś tego quizu